50 Largest US Cities by Tallest Building - Statistics

General Stats
  • This quiz has been taken 74 times
  • The average score is 18 of 50
Answer Stats
Height (m)
Name of Building City Pop. (Metro) Image % Correct
541 One World Trade Center New York City 19.4m
100%
442 Willis / Sears Tower Chicago 9.2m
98%
335 Wilshire Grand Center Los Angeles 12.79m
71%
192 Gateway Arch St. Louis 2.79m
69%
342 Comcast Technology Center Philadelphia 6.2m
67%
169 Washington Monument Washington D.C. 6.3m
67%
241 John Hancock Tower Boston 4.9m
59%
312 Bank of America Plaza Atlanta 6.3m
57%
350 The Strat Las Vegas 2.3m
57%
256 U.S. Steel Tower Pittsburgh 2.4m
57%
265.5 Bank of America Corporate Center Charlotte 2.8m
55%
305.4 JPMorgan Chase Tower Houston 7.5m
55%
280.7 Bank of America Plaza Dallas-Fort Worth 8.1m
49%
265 Panorama Tower Miami 6.1m
49%
286 Columbia Center Seattle 4m
45%
289 Key Tower Cleveland 2.1m
43%
222 _______ Marriott at the Renaissance Center Detroit 4.3m
43%
188 333 Commerce Nashville 2.1m
43%
229 Tower of the Americas San Antonio 2.7m
41%
257.3 Devon Energy Center Oklahoma City 1.4m
39%
203 Great American Tower at Queen City Square Cincinnati 2.2m
37%
147 Chase Tower Phoenix 5m
37%
218 Republic Plaza Denver 3m
35%
241 IDS Center Minneapolis 3.7m
35%
266 Sixth & Guadalupe Austin 2.4m
31%
214 Salesforce Tower Indianapolis 2.1m
31%
188 Bank of America Tower / Barnett Center Jacksonville 1.7m
29%
166.4 Wells Fargo Center Portland 2.5m
29%
130 Industrial National Bank Building Providence 1.6m
29%
161 Transamerica Tower Baltimore 2.8m
27%
161 Seneca One Tower Buffalo 1.1m
27%
167 400 West Market Louisville 1.3m
24%
152 One America Plaza San Diego 3.2m
24%
134 200 South Orange / SunTrust Center Orlando 2.8m
22%
176 100 North _____ Tampa 3.3m
22%
190 Rhodes State Office Tower Columbus 2.1m
20%
190 One ______ City Plaza Kansas City 2.2m
20%
183 U.S. Bank Center Milwaukee 1.5m
20%
101 Morongo Casino, Resort & Spa Riverside - San Bernardino 4.6m
20%
137 James Monroe Building Richmond 1.3m
18%
155 Westin ________ _____ Town Center Virginia Beach 1.7m
18%
91 200 Park Avenue San Jose 1.9m
16%
163 City Place I Hartford 1.1m
14%
130 100 North Main Memphis 1.3m
14%
164 PNC Plaza Raleigh 1.5m
14%
129 Wells Fargo Center Sacramento 2.4m
14%
137.5 Astra Tower Salt Lake City 1.2m
14%
69 Robert E. Coyle United States Courthouse Fresno 1.1m
10%
138 Shipt Tower Birmingham 1.1m
8%
124 River House Grand Rapids 1.1m
8%
No matching quizzes found
Score Distribution
Percent of People with Each Score
Percentile by Number Answered
Your Score History
You have not taken this quiz